| 000 -LEADER |
| fixed length control field |
00444cam a22001337a 4500 |
| 008 - FIXED-LENGTH DATA ELEMENTS--GENERAL INFORMATION |
| fixed length control field |
180718b1987 xxu||||| |||| 00| 0 eng d |
| 082 ## - DEWEY DECIMAL CLASSIFICATION NUMBER |
| Classification number |
B67x5444 K147 |
| 100 ## - MAIN ENTRY--PERSONAL NAME |
| Personal name |
Karnataka. Districts Reorganisation Committee |
| 245 ## - TITLE STATEMENT |
| Title |
Report on Reorganisation of Districts and Taluks in Karnataka State (1984-87) |
| 260 ## - PUBLICATION, DISTRIBUTION, ETC. |
| Place of publication, distribution, etc. |
Bangalore |
| Name of publisher, distributor, etc. |
The author |
| Date of publication, distribution, etc. |
1987 |
| 300 ## - PHYSICAL DESCRIPTION |
| Extent |
595+p. |
| 500 ## - GENERAL NOTE |
| General note |
Chairman: T.M. Hundekar |
| 700 ## - ADDED ENTRY--PERSONAL NAME |
| Personal name |
Hundekar, T.M. (Chairman) |